000 00614cam a2200145 4500500
005 20260208010203.0
041 _afre
042 _adc
100 1 0 _aCourtès, Noémie
_eauthor
245 0 0 _aCharles Mazouer, Le Théâtre français de l’âge classique. T. III : « L’arrière-saison ». Paris, Champion, 2014. Un vol. de 537 p.
260 _c2015.
500 _a26
786 0 _nRevue d'histoire littéraire de la France | 115 | 1 | 2015-01-27 | p. 191g-252g | 0035-2411
856 4 1 _uhttps://shs.cairn.info/revue-d-histoire-litteraire-de-la-france-2015-1-page-191g?lang=fr&redirect-ssocas=7080
999 _c1655485
_d1655485